00906nam a2200301 b 4500001001100000003000900011005001700020007000300037008003600040017000900076020001500085035000600100040003100106041001100137082002700148100003800175245011500213250001400328264003300342300002800375336002700403337003700430338003000467650002800497650002000525650002200545700003700567 000671447DO-SdBPM20250710123155.0ta970814s1997 sp | ||| ||spa  a b  a8432215007 a  aDO-SdBPMbspacBPMSUe rda1 aspah  4a833.91bS964p 19972221 aSüskind, Patrickd1949-eautor 13aEl perfume : bhistoria de un asesino /cPatrick Süskind ; traducción del alemán por Pilar Giralt Gorina a 2a. ed.  aBarcelona : bbOOKET, c1997 a272 páginas : c21 cm atextobtxt2rdacontent asin mediación bn2rdacarrier  avolumen bnc2rdacarrier  7a Novela juvenil alemana 7aOloresv Novela 7aPerfumes vNovela1 aGorina, Pilar Giraltetraductora